Ghostgirl (Registro nro. 437112)

Detalles MARC
000 -LÍDER
Campo fijo de descripción fija 00697nam a22002537a 4500
003 - IDENTIFICADOR DEL NÚMERO DE CONTROL
Campo de control BCEG
005 - FECHA Y HORA DE LA ULTIMA TRANSACCIÓN
control field 20260318151557.0
008 - ELEMENTOS DE LONGITUD FIJA -- INFORMACIÓN GENERAL
Campo fijo de descripción fija -- Información general 260318s2009 mx |||||||||||||||||spa|d
020 ## - ISBN
Isbn 9786071101853
040 ## - FUENTE DE CATALOGACIÓN
Agencia de catalogación original BCEG
Idioma de catalogación spa
Agencia que realiza la transcripción BCEG
041 ## - CÓDIGO DE IDIOMA
Código de idioma para texto/pista de sonido o título separado spa
082 04 - NÚMERO DE CLASIFICACIÓN DECIMAL DEWEY
Número de clasificación I813.5
Clave de autor-Numero de item H966g
100 1# - ASIENTO PRINCIPAL--NOMBRE PERSONAL
Nombre del autor personal Hurley, Tonya.
245 10 - TÍTULO PROPIAMENTE DICHO
Título Ghostgirl
Otra información sobre el título - Subtitulo : ¿descanse en paz?
260 ## - PUBLICACIÓN, DISTRIBUCIÓN, ETC. (PIE DE IMPRENTA)
Lugar de publicación, distribución, etc. México :
Nombre del editor, distribuidor, etc. Santillana,
Fecha de publicación, distribución, etc. 2009.
300 ## - DESCRIPCIÓN FÍSICA
Extensión 339 p.
534 ## - NOTA DE VERSIÓN ORIGINAL
Frase introductoria Título original:
Título original Ghostgirl.
535 ## - NOTA DE UBICACIÓN DE ORIGINALES
Custodio Disponible en la colección infantil de 10-12 años.
541 ## - NOTA DE FUENTE INMEDIATA DE ADQUISICIÓN
Nota de fuente de adquisición Donación.
546 ## - NOTA DE IDIOMA - LENGUA
Nota de lengua Texto en español.
650 14 - ASIENTO SECUNDARIO DE MATERIA - TERMINO TEMÁTICO
Término temático o nombre geográfico como elemento de entrada Novela juvenil estadounidense.
700 1# - ASIENTO SECUNDARIO - NOMBRE PERSONAL
Nombre personal Frieyro, Alicia,
Función o responsabilidad del autor tr.
942 ## - TIPO DE MATERIAL (KOHA)
Tipo de Item KOHA Libro
Existencias
No para Préstamo Colección Biblioteca de Origen Biblioteca Permanente Fecha de Adquisición Fuente de Adquisicion Total de Préstamos Signatura Topográfica Código de Barras Última vez visto Tipo de Material
Material en Reserva Infantil Biblioteca Central Estatal de Guanajuato, "Wigberto Jiménez Moreno" Biblioteca Central Estatal de Guanajuato, "Wigberto Jiménez Moreno" 18/03/2026 DONAD   I813.5 H966g BCEG8655230886 18/03/2026 Libro